Análisis sobre los alcances de la suspensión del contrato de trabajo (Registro nro. 22625)
[ vista simple ]
| 000 -Cabecera | |
|---|---|
| Campo de control interno | 02203nam a2200325 4500 |
| 001 - Número de control | |
| control field | ESSALUD |
| 005 - Fecha y hora de la última transacción | |
| Campo de control | 20260702145330.0 |
| 007 - Tipo material - Descripcion fisica - info general | |
| Tipo material - Descripcion fisica - info general | ta |
| 008 - Elementos de Longitud Fija - Información General | |
| Elementos de Longitud Fija - Información | t pe ||||| |||| 00| 0 spa d |
| 040 ## - Origen de la Catalogación | |
| Origen de la Catalogación | BMG |
| 041 ## - Idioma | |
| Idioma | spa |
| 100 ## - Autor | |
| Autor | Flores Alanoca, Jael |
| Rol del Autor | Autor |
| 9 (RLIN) | 53183 |
| 245 ## - Titulo | |
| Titulo | Análisis sobre los alcances de la suspensión del contrato de trabajo |
| 246 ## - Variante del Titulo | |
| Titulo | Analysis of the scope of the suspensión of the employment contract |
| 300 ## - Páginas | |
| Paginación | páginas 124-139 |
| 520 ## - Resumen | |
| Resumen | El contrato de trabajo se suspende en sus efectos por un tiempo determinado, tiempo durante el cual el trabajador deja de prestar sus servicios y el empleador deja de pagarle la remuneración o continúa pagándole, dependiendo si se trata de una suspensión perfecta o imperfecta. Previamente y para poner en contexto el tema del presente artículo, abordaremos el concepto de contrato de trabajo, sus elementos esenciales y características, en la perspectiva de conocer más a profundidad la suspensión del contrato de trabajo en el Derecho peruano. |
| 520 ## - Resumen | |
| Resumen | The employment contract is suspended in its effects for a specific period of time, during<br/>which the worker ceases to provide services and the employer either ceases to pay remuneration or<br/>continues to do so, depending on whether the suspension is perfect or imperfect. in order to provide<br/>context for the subject of this article, the study first addresses the concept of the employment contract,<br/>its essential elements, and its characteristics, with the aim of gaining a deeper understanding of the<br/>suspension of the employment contract under Peruvian law.<br/> |
| 650 ## - Temas - Descriptores | |
| Temas - Descriptores | CONTRATO DE TRABAJO |
| 650 ## - Temas - Descriptores | |
| Temas - Descriptores | ELEMENTOS |
| 9 (RLIN) | 53184 |
| 650 ## - Temas - Descriptores | |
| Temas - Descriptores | SUBORDINACIÓN |
| 9 (RLIN) | 53185 |
| 650 ## - Temas - Descriptores | |
| Temas - Descriptores | SUSPENSIÓN PERFECTA |
| 9 (RLIN) | 53186 |
| 650 ## - Temas - Descriptores | |
| Temas - Descriptores | SUSPENSIÓN IMPERFECTA |
| 9 (RLIN) | 53187 |
| 650 ## - Temas - Descriptores | |
| Temas - Descriptores | EMPLOYMENT CONTRACT |
| 9 (RLIN) | 53188 |
| 650 ## - Temas - Descriptores | |
| Temas - Descriptores | ELEMENTS |
| 9 (RLIN) | 53189 |
| 650 ## - Temas - Descriptores | |
| Temas - Descriptores | PERFECT SUSPENSION |
| 9 (RLIN) | 53190 |
| 650 ## - Temas - Descriptores | |
| Temas - Descriptores | SUBORDINATION |
| 9 (RLIN) | 53191 |
| 650 ## - Temas - Descriptores | |
| Temas - Descriptores | IMPERFECT SUSPENSION |
| 9 (RLIN) | 53192 |
| 773 0# - Revista (Relacion con el numero) | |
| Host Biblionumber | 22614 |
| Host Itemnumber | 22623 |
| Ciudad, Editorial | Lima Grupo Praxis Formación Profesional, 2026- |
| Codigo barras item/ejemplar | PRALAB001 |
| Titulo de la Revista | Praxis Laboral & Procesal Laboral |
| Número de control de registro | ESSALUD |
| ISSN | 3119-768X |
| 942 ## - Elementos de Koha | |
| Tipo de Documento | Artículos |
| Fecha procesamiento | 2026-07-02 |
| Catalogador | SQB |
No hay ítems disponibles.